Λαογραφικά μελετήματα
Αποθηκεύτηκε σε:
| Κύριος συγγραφέας: | |
|---|---|
| Άλλοι συγγραφείς: | , , |
| Μορφή: | Βιβλίο |
| Γλώσσα: | Greek |
| Δημοσίευση: |
Αθήνα :
Πορεία,
1993
|
| Θέματα: | |
| Ετικέτες: |
Προσθήκη ετικέτας
Δεν υπάρχουν, Καταχωρήστε ετικέτα πρώτοι!
|
MARC
| LEADER | 00000nam a2200000 i 4500 | ||
|---|---|---|---|
| 001 | 1/15272 | ||
| 008 | 980529s1989 gre d | ||
| 020 | |a 960-7043-25-1 | ||
| 035 | |l 10019753 | ||
| 040 | |a GR-MY-UA |b |e aacr | ||
| 041 | 0 | |a gre | |
| 082 | 0 | |a 398.09495 | |
| 100 | 1 | |a Κυριακίδου-Νέστορος, Άλκη, |d 1935-1988. | |
| 245 | 1 | 0 | |a Λαογραφικά μελετήματα / |c Αλκη Κυριακίδου-Νέστορος ; επιμέλεια Νόρα Σκούτερη-Διδασκάλου, Κυρ. Ντελόπουλος, Μαρία Καίρη |
| 260 | |a Αθήνα : |b Πορεία, |c 1993 | ||
| 300 | |a 383 σ. | ||
| 650 | 0 | 0 | |a Folklore |z Greece. |
| 700 | 1 | |a Σκουτέρη-Διδασκάλου, Νόρα. |4 edt | |
| 700 | 1 | |a Ντελόπουλος, Κυριάκος, |d 1933- |4 edt | |
| 700 | 1 | |a Καΐρη, Μαρία Μ. |4 edt | |
| 852 | |a INST |b LESVOS |e 19980529 |h 398.09495 ΚΥΡ |p 005100013147 |q 005100013147 |t BK |y 0 |z τ.2 | ||
| 852 | |a INST |b LESVOS |e 19980529 |h 398.09495 ΚΥΡ |p 005100013147 |q 005100013147 |t BK |v τ.2: |y 0 |z τ.2 | ||
| 852 | |a INST |b RHODES |e 19990122 |h 398.09495 ΚΥΡ |p 005400005733 |q 005400005733 |t BK |y 0 |z τ.1 | ||
| 852 | |a INST |b RHODES |e 19990122 |h 398.09495 ΚΥΡ |p 005400005733 |q 005400005733 |t BK |v τ.1: |y 0 |z τ.1 | ||
| 853 | |a INST |b LESVOS |h 398.09495 ΚΥΡ | ||
| 853 | |a INST |b RHODES |h 398.09495 ΚΥΡ | ||
| 901 | |a BIBL-1999-1 | ||
| 909 | |a Ρ |b 051865 |c 1997 | ||
| 909 | |a Λ |b 057152 | ||
| 922 | |a 4ΕΛΗ |b 199711 |c ΑΝΑΓΝΩΣΤΟΠΟΥΛΟΥ |d EMVASIS | ||
| 922 | |a 1ΕΛΗ |b 199805 |c ΚΠΣ/ΤΚ |d EMVASIS | ||
| 950 | |a 117-1998-01-28 | ||